000 00390nam a22001457a 4500
003 OSt
005 20160727222341.0
008 160620b xxu||||| |||| 00| 0 eng d
040 _cTest
100 _9116
_aCreative
_cThe Birth of Jesus: Bible Story
245 _aThe Birth of Jesus
_bBible Story
260 _aCanada
_bCreative
_c2003
300 _aThe Birth of Jesus: Bible Story
942 _2ddc
_cBK
999 _c92
_d92